000
00330nam a2200133Ia 4500
008
230524s9999 xx 000 0 und d
020
_a
9788122300604
100
_a
Harry Larayne
245
0
_a
Secrets of Mind Power
260
_b
Pustak Mahal
500
_a
Quantity Number: 2
650
_a
Personality Development
942
_c
BK
999
_c
50665
_d
50665